| 000 | 004650000a22001810004500 | ||
|---|---|---|---|
| 003 | MACL | ||
| 005 | 20160119164939.0 | ||
| 008 | 160119b xxu||||| |||| 00| 0 eng d | ||
| 040 |
_aMACL _cMACL |
||
| 041 | _aEnglish | ||
| 082 | _a005.133/MOK | ||
| 100 |
_aMukhi, Sonal _933203 |
||
| 245 | _aAsp. Net With C # The Basics | ||
| 260 |
_bBP B Publications _c2001 _aNew Delhi |
||
| 350 | _a180 | ||
| 650 |
_aComputer programing _933180 |
||
| 942 |
_cBK _k005.133/Muk _2ddc |
||
| 999 |
_c31589 _d31589 |
||